[Event "Asuncion CIT op"]
[Site "Asuncion"]
[Date "2023.08.17"]
[Round "8"]
[White "Saucedo, Moises"]
[Black "Montiel, Angel Nathanael"]
[Result "0-1"]
[WhiteElo "1657"]
[BlackElo "1851"]
[PlyCount "90"]
[EventDate "2023.08.12"]
[EventType "swiss"]
[EventRounds "9"]
[EventCountry "PAR"]
[SourceTitle "CBM 215 Extra"]
[Source "ChessBase"]
[SourceDate "2023.09.30"]
[SourceVersion "1"]
[SourceVersionDate "2023.09.30"]
[SourceQuality "1"]

1. c4 Nf6 2. g3 e6 3. Bg2 d5 4. Nf3 d4 5. 0-0 c5 6. d3 Nc6 7. Bf4 Nd7 8. Re1 e5 9. Bd2 Be7 10. e3 0-0 11. exd4 cxd4 12. Na3 f6 13. Nc2 a5 14. b3 Nc5 15. Bc1 Bf5 16. Bf1 Bg4 17. Be2 e4 18. Nfxd4 Bxe2 19. Nxe2 exd3 20. Nf4 dxc2 21. Qxc2 Bd6 22. Ba3 Nb4 23. Bxb4 axb4 24. Rad1 Qb8 25. Nd5 Be5 26. Nxb4 Qa7 27. Re2 Ne6 28. Qe4 Rad8 29. Nd5 Kh8 30. Kg2 Nc7 31. f4 Nxd5 32. Rxd5 Rxd5 33. Qxd5 Bc3 34. Qb5 h6 35. a4 b6 36. Kh3 Qf7 37. Kg2 Qb7+ 38. Kh3 Qc8+ 39. Kg2 Bd4 40. h4 Qa8+ 41. Kh2 Qf3 42. Re8 Qf2+ 43. Kh3 Qf1+ 44. Kh2 Bg1+ 45. Kh1 Bf2+ 0-1

[Event "Asuncion CIT op"]
[Site "Asuncion"]
[Date "2023.08.15"]
[Round "6"]
[White "Benitez, Jhony"]
[Black "Montiel, Angel Nathanael"]
[Result "0-1"]
[WhiteElo "1446"]
[BlackElo "1851"]
[PlyCount "54"]
[EventDate "2023.08.12"]
[EventType "swiss"]
[EventRounds "9"]
[EventCountry "PAR"]
[SourceTitle "CBM 215 Extra"]
[Source "ChessBase"]
[SourceDate "2023.09.30"]
[SourceVersion "1"]
[SourceVersionDate "2023.09.30"]
[SourceQuality "1"]

1. e4 e5 2. Nf3 Nc6 3. Bb5 a6 4. Ba4 Nf6 5. d3 d6 6. c3 Be7 7. h3 b5 8. Bc2 h6 9. Nbd2 d5 10. Qe2 d4 11. a4 dxc3 12. bxc3 b4 13. cxb4 Bxb4 14. 0-0 0-0 15. Nc4 Be6 16. Bb2 Bxc4 17. dxc4 Qe7 18. Rfd1 Bc5 19. Bc3 g6 20. a5 Rad8 21. Ba4 Nd4 22. Nxd4 exd4 23. Bd2 d3 24. Qf3 Nxe4 25. Bxh6 Nxf2 26. Bxf8 Nxd1+ 27. Kh2 Qe5+ 0-1

[Event "Asuncion CIT op"]
[Site "Asuncion"]
[Date "2023.08.13"]
[Round "2"]
[White "Villca, Julian"]
[Black "Montiel, Angel Nathanael"]
[Result "1-0"]
[WhiteElo "2392"]
[BlackElo "1851"]
[PlyCount "131"]
[EventDate "2023.08.12"]
[EventType "swiss"]
[EventRounds "9"]
[EventCountry "PAR"]
[SourceTitle "CBM 215 Extra"]
[Source "ChessBase"]
[SourceDate "2023.09.30"]
[SourceVersion "1"]
[SourceVersionDate "2023.09.30"]
[SourceQuality "1"]

1. c4 c6 2. Nf3 d5 3. e3 Nf6 4. Nc3 e6 5. d4 Nbd7 6. Bd3 dxc4 7. Bxc4 b5 8. Bd3 Bd6 9. a3 Bb7 10. Bd2 0-0 11. Ne4 Nxe4 12. Bxe4 f5 13. Bd3 e5 14. dxe5 Nxe5 15. Nxe5 Bxe5 16. Bb4 Rf6 17. Qb3+ Kh8 18. Rd1 c5 19. Be4 Qc7 20. Bxb7 Qxb7 21. Qd5 Qxd5 22. Rxd5 cxb4 23. Rxe5 bxa3 24. bxa3 a6 25. Ke2 Rc8 26. Rc1 Rcf8 27. Kf3 h6 28. Rc7 Rd8 29. h4 h5 30. Rcc5 Rd3 31. a4 b4 32. Rxf5 Rdd6 33. Rxf6 Rxf6+ 34. Ke2 g6 35. a5 b3 36. Rc3 Rf5 37. Rxb3 Rxa5 38. Rb7 Ra4 39. g3 a5 40. Ra7 Kg8 41. Kf3 Ra2 42. e4 a4 43. Ke3 a3 44. f3 Ra1 45. Kf4 a2 46. e5 Kf8 47. e6 Re1 48. Rxa2 Rxe6 49. Kg5 Re3 50. Kxg6 Rxf3 51. Rg2 Rb3 52. Kxh5 Kg7 53. g4 Ra3 54. Rb2 Ra7 55. g5 Rc7 56. Rb4 Ra7 57. Kg4 Rc7 58. h5 Ra7 59. h6+ Kh7 60. Kh5 Ra8 61. Rb7+ Kh8 62. Rb5 Rc8 63. g6 Ra8 64. h7 Ra1 65. Rb8+ Kg7 66. h8Q# 1-0

[Event "Buenos Aires Masters op"]
[Site "Buenos Aires"]
[Date "2023.06.19"]
[Round "7"]
[White "Montiel Marin, Micaela Agustina"]
[Black "Montiel, Angel Nathanael"]
[Result "0-1"]
[WhiteElo "1519"]
[BlackElo "1854"]
[PlyCount "62"]
[EventDate "2023.06.14"]
[EventType "swiss"]
[EventRounds "9"]
[EventCountry "ARG"]
[SourceTitle "CBM 215 Extra"]
[Source "ChessBase"]
[SourceDate "2023.09.30"]
[SourceVersion "1"]
[SourceVersionDate "2023.09.30"]
[SourceQuality "1"]

1. d4 d5 2. Nf3 e6 3. g3 c6 4. Bg2 f5 5. 0-0 Nf6 6. Bg5 Bd6 7. Nbd2 0-0 8. e3 Nbd7 9. c4 Qe8 10. Bf4 Bxf4 11. exf4 Ne4 12. Ne5 Nxe5 13. dxe5 Nxd2 14. Qxd2 Qe7 15. cxd5 exd5 16. Rac1 Be6 17. Qd4 Rac8 18. b4 b6 19. Qd2 Rfd8 20. Rfd1 c5 21. b5 d4 22. Qb2 Qd7 23. Bc6 Qf7 24. Rd2 Rxc6 25. bxc6 Bd5 26. Rxd4 cxd4 27. Qxd4 Qc7 28. Qd3 Be4 29. Qb3+ Kh8 30. Qe6 Qc8 31. c7 Qxc7 0-1

[Event "PAR-ch U20"]
[Site "Asuncion"]
[Date "2023.06.03"]
[Round "2"]
[White "Torales G, Ivan Alejandro B"]
[Black "Montiel, Angel Nathanael"]
[Result "1/2-1/2"]
[WhiteElo "1644"]
[BlackElo "1854"]
[PlyCount "180"]
[EventDate "2023.06.02"]
[EventType "swiss"]
[EventRounds "7"]
[EventCountry "PAR"]
[SourceTitle "CBM 214 Extra"]
[Source "ChessBase"]
[SourceDate "2023.07.31"]
[SourceVersion "1"]
[SourceVersionDate "2023.07.31"]
[SourceQuality "1"]

1. e4 e6 2. d4 d5 3. exd5 exd5 4. c4 Bb4+ 5. Nc3 Nf6 6. Nf3 0-0 7. Be2 dxc4 8. Bxc4 Re8+ 9. Be3 Be6 10. Bxe6 Rxe6 11. 0-0 Nd5 12. Ng5 Re7 13. Qb3 Bxc3 14. bxc3 h6 15. Nf3 c6 16. c4 Nf6 17. Rad1 Qb6 18. Qa3 Re8 19. Rb1 Qc7 20. Qc1 Re4 21. Bxh6 gxh6 22. Qxh6 Nbd7 23. Qg5+ Kh7 24. Qf5+ Kg7 25. Qg5+ Kh7 26. Qf5+ Kh8 27. Ng5 Rf4 28. Nxf7+ Kg7 29. Ng5 Rxf5 30. Ne6+ Kf7 31. Nxc7 Rb8 32. Rfe1 Nf8 33. Na6 Rd8 34. Rxb7+ Kg6 35. Nb4 Rc8 36. Rxa7 c5 37. dxc5 Rcxc5 38. Rc1 Ra5 39. Rxa5 Rxa5 40. c5 Ne6 41. c6 Nc7 42. Rc2 Ra4 43. Nd3 Nfd5 44. Kf1 Kf5 45. Ke2 Nb5 46. Rc5 Rxa2+ 47. Kf3 Nbc7 48. Nb4 Ra3+ 49. Ke2 Ke5 50. Nxd5 Kd6 51. Rc3 Ra2+ 52. Kf3 Nxd5 53. Rd3 Kxc6 54. h4 Kd6 55. g4 Ke5 56. Kg3 Ke4 57. Rb3 Ra1 58. f3+ Ke5 59. Rb8 Rg1+ 60. Kf2 Rh1 61. Re8+ Kf6 62. Kg3 Rg1+ 63. Kf2 Rh1 64. Kg3 Rg1+ 65. Kh2 Rf1 66. Kg2 Ra1 67. g5+ Kg6 68. Re5 Nf4+ 69. Kg3 Nh5+ 70. Kf2 Ra2+ 71. Re2 Ra6 72. Re5 Nf4 73. Kg3 Nh5+ 74. Kf2 Ra4 75. Re4 Ra1 76. Re1 Ra5 77. Re8 Ng7 78. Re4 Nf5 79. Kg2 Ra3 80. Rf4 Ra1 81. Kh2 Ra5 82. Kg2 Kh5 83. Kh3 Rb5 84. Re4 Rb3 85. Rf4 Kg6 86. Kg4 Ne3+ 87. Kg3 Nf5+ 88. Kg4 Ne3+ 89. Kg3 Nf5+ 90. Kg4 Ne3+ 1/2-1/2

[Event "Vicente Lopez ProAm 100 Years op"]
[Site "Buenos Aires"]
[Date "2022.10.17"]
[Round "8"]
[White "Montiel, Angel Nathanael"]
[Black "Oviedo Acosta, Paula"]
[Result "1-0"]
[WhiteElo "1963"]
[BlackElo "1755"]
[PlyCount "81"]
[EventDate "2022.10.11"]
[EventType "swiss"]
[EventRounds "9"]
[EventCountry "ARG"]
[SourceTitle "CBM 210 Extra"]
[Source "ChessBase"]
[SourceDate "2022.11.30"]
[SourceVersion "1"]
[SourceVersionDate "2022.11.30"]
[SourceQuality "1"]

1. d4 Nf6 2. Nc3 g6 3. e4 d6 4. Bc4 Bg7 5. f3 b6 6. Be3 Bb7 7. Qd2 d5 8. Bb5+ c6 9. Bd3 dxe4 10. Nxe4 Nd5 11. Bh6 Bxd4 12. c3 Bf6 13. c4 Nc7 14. Nxf6+ exf6 15. 0-0-0 Ne6 16. Nh3 Nd7 17. Rhe1 Ne5 18. Qc3 Qe7 19. Bc2 Rd8 20. Rxd8+ Kxd8 21. f4 Ng4 22. f5 gxf5 23. Bxf5 Nxh6 24. Qd2+ Kc7 25. Qxh6 Qb4 26. Qh4 Rd8 27. Qg3+ Kc8 28. Nf4 Qxc4+ 29. Kb1 c5 30. Nxe6 Be4+ 31. Bxe4 fxe6 32. Qg7 Rd7 33. Qxf6 Qb4 34. Qc3 Qa4 35. b3 Qb5 36. Qh8+ Kc7 37. Qe5+ Kd8 38. Qf6+ Kc7 39. Qxe6 a5 40. Qe5+ Kd8 41. Qb8+ 1-0

[Event "Vicente Lopez ProAm 100 Years op"]
[Site "Buenos Aires"]
[Date "2022.10.15"]
[Round "5"]
[White "Montiel, Angel Nathanael"]
[Black "Bernardo, Maximo"]
[Result "1-0"]
[WhiteElo "1963"]
[BlackElo "1476"]
[PlyCount "109"]
[EventDate "2022.10.11"]
[EventType "swiss"]
[EventRounds "9"]
[EventCountry "ARG"]
[SourceTitle "CBM 210 Extra"]
[Source "ChessBase"]
[SourceDate "2022.11.30"]
[SourceVersion "1"]
[SourceVersionDate "2022.11.30"]
[SourceQuality "1"]

1. e4 c6 2. Ne2 e5 3. d4 exd4 4. Nxd4 Bc5 5. Nf5 Qf6 6. Bd2 d5 7. Bc3 d4 8. Nxd4 Qh4 9. Bd3 Nf6 10. 0-0 0-0 11. Nf3 Qh6 12. Qd2 Qxd2 13. Nbxd2 Nbd7 14. Nb3 Bb6 15. Rad1 Re8 16. Rfe1 h6 17. h3 Nh7 18. Bc4 Ndf8 19. a4 Be6 20. Bxe6 Rxe6 21. Nbd4 Bxd4 22. Nxd4 Rg6 23. Nf5 Re8 24. Bb4 Rge6 25. f3 b6 26. Rd2 c5 27. Bc3 Rg6 28. Red1 Ng5 29. Nh4 Rc6 30. Rd8 Rxd8 31. Rxd8 Nge6 32. Ra8 Rc7 33. Nf5 Rd7 34. Re8 Rd8 35. Rxd8 Nxd8 36. Bxg7 h5 37. Bf6 Nde6 38. Ne7+ Kh7 39. Nc8 Nd7 40. Bc3 Nf4 41. Nxa7 Ne2+ 42. Kf2 Nxc3 43. bxc3 Kg6 44. f4 c4 45. Ke3 Nc5 46. Kd4 Ne6+ 47. Ke3 Nc5 48. Nc6 Nxa4 49. Ne5+ Kf6 50. Nxc4 b5 51. Nd6 Nxc3 52. g4 hxg4 53. hxg4 b4 54. Ne8+ Ke7 55. Nc7 1-0

[Event "Posadas Misionera op"]
[Site "Posadas"]
[Date "2022.08.15"]
[Round "5"]
[White "Montiel, Angel Nathanael"]
[Black "Kropff, Ricardo"]
[Result "0-1"]
[WhiteElo "1938"]
[BlackElo "2121"]
[PlyCount "80"]
[EventDate "2022.08.13"]
[EventType "swiss"]
[EventRounds "6"]
[EventCountry "ARG"]
[SourceTitle "EXT 2023"]
[Source "ChessBase"]
[SourceDate "2022.10.05"]
[SourceVersion "1"]
[SourceVersionDate "2022.10.05"]
[SourceQuality "1"]

1. e4 e5 2. Nf3 Nc6 3. Bc4 g6 4. c3 d6 5. d4 Qe7 6. Qb3 Bg7 7. dxe5 Nxe5 8. Nxe5 dxe5 9. Be3 Nf6 10. f3 0-0 11. Nd2 Ne8 12. Qc2 Nd6 13. Bb3 Kh8 14. h4 h5 15. 0-0-0 f5 16. Rdg1 f4 17. Bf2 Bh6 18. g4 fxg3 19. Rxg3 Kh7 20. Rhg1 Qxh4 21. R3g2 Qf4 22. Rxg6 Qxd2+ 23. Qxd2 Bxd2+ 24. Kxd2 Bg4 25. fxg4 Kxg6 26. gxh5+ Kh7 27. Ke3 Rf4 28. Bd5 c6 29. Bg3 cxd5 30. Bxf4 exf4+ 31. Kxf4 dxe4 32. Rd1 Rd8 33. c4 Rf8+ 34. Ke5 e3 35. b3 Nf5 36. Kf4 Kh6 37. Kf3 Kxh5 38. b4 Re8 39. Ke2 Kg4 40. Rd7 Ng3+ 0-1

[Event "Posadas Misionera op"]
[Site "Posadas"]
[Date "2022.08.13"]
[Round "1"]
[White "Montiel, Angel Nathanael"]
[Black "De Sousa, Esequiel Maximilian"]
[Result "1-0"]
[WhiteElo "1938"]
[BlackElo "1456"]
[PlyCount "73"]
[EventDate "2022.08.13"]
[EventType "swiss"]
[EventRounds "6"]
[EventCountry "ARG"]
[SourceTitle "EXT 2023"]
[Source "ChessBase"]
[SourceDate "2022.10.05"]
[SourceVersion "1"]
[SourceVersionDate "2022.10.05"]
[SourceQuality "1"]

1. e4 c5 2. Nf3 Nc6 3. d4 cxd4 4. Nxd4 e5 5. Nb5 a6 6. Nd6+ Bxd6 7. Qxd6 Qf6 8. Qd1 Nge7 9. h4 h6 10. Nc3 0-0 11. Be3 Rd8 12. Bc4 b5 13. Bb3 Bb7 14. Qh5 Nd4 15. Bg5 Qg6 16. Qxg6 Nxg6 17. Bxd8 Rxd8 18. f3 a5 19. Kf2 a4 20. Bd5 Ba6 21. Rac1 Kf8 22. Ne2 Nxe2 23. Kxe2 f5 24. g3 Ne7 25. Rhd1 Nxd5 26. Rxd5 fxe4 27. fxe4 d6 28. Ke3 Ke7 29. c4 Rc8 30. c5 Rxc5 31. Rcxc5 dxc5 32. Rxe5+ Kd6 33. Rd5+ Kc6 34. Rd8 b4 35. Ra8 Kb5 36. e5 Bb7 37. Rb8 1-0

[Event "Pan American-ch U18"]
[Site "Montevideo"]
[Date "2022.06.26"]
[Round "1"]
[White "Olivera, Jonathan"]
[Black "Montiel, Angel Nathanael"]
[Result "0-1"]
[WhiteElo "1433"]
[BlackElo "1901"]
[PlyCount "88"]
[EventDate "2022.06.26"]
[EventType "swiss"]
[EventRounds "9"]
[EventCountry "URU"]
[SourceTitle "EXT 2023"]
[Source "ChessBase"]
[SourceDate "2022.10.05"]
[SourceVersion "1"]
[SourceVersionDate "2022.10.05"]
[SourceQuality "1"]

1. e4 c5 2. Nf3 a6 3. Nc3 Nc6 4. d4 cxd4 5. Nxd4 e6 6. Be3 Qc7 7. a3 Nf6 8. Be2 b5 9. f4 b4 10. axb4 Bxb4 11. Bf3 Bb7 12. e5 Nxd4 13. Bxd4 Nd5 14. 0-0 Bxc3 15. bxc3 0-0 16. Qd2 Rfe8 17. Rfb1 Bc6 18. c4 Ne7 19. Bb6 Qc8 20. Be2 Bb7 21. Ra5 Rb8 22. Rc5 Bc6 23. Rb3 Qb7 24. Qa5 Qa8 25. Ra3 Bxg2 26. Qxa6 Qe4 27. Bd3 Qb7 28. Qxb7 Bxb7 29. Ra7 Nc8 30. Ra3 Nxb6 31. Rb3 Bc6 32. Ra5 Ra8 33. Rxa8 Nxa8 34. Kf2 Nc7 35. Ke3 f6 36. Kd4 fxe5+ 37. Kxe5 Na6 38. Kd6 Rc8 39. f5 e5 40. Kxe5 Nc5 41. Rb6 Re8+ 42. Kd6 Ne4+ 43. Bxe4 Rxe4 44. c5 Kf7 0-1

[Event "Obera op"]
[Site "Obera"]
[Date "2022.02.27"]
[Round "3"]
[White "Zalazar, Diego"]
[Black "Montiel, Angel Nathanael"]
[Result "0-1"]
[WhiteElo "1799"]
[BlackElo "1914"]
[PlyCount "99"]
[EventDate "2022.02.26"]
[EventType "swiss"]
[EventRounds "6"]
[EventCountry "ARG"]
[SourceTitle "EXT 2023"]
[Source "ChessBase"]
[SourceDate "2022.10.05"]
[SourceVersion "1"]
[SourceVersionDate "2022.10.05"]
[SourceQuality "1"]

1. d4 Nf6 2. c4 c5 3. d5 b5 4. cxb5 a6 5. bxa6 g6 6. Nc3 Bxa6 7. g3 Bg7 8. Bg2 d6 9. Nf3 0-0 10. Qc2 Nbd7 11. 0-0 Ng4 12. Rb1 Nge5 13. b3 Nxf3+ 14. Bxf3 Ne5 15. Bg2 Qa5 16. a4 Rfb8 17. Rd1 Nd3 18. exd3 Bxc3 19. Bd2 Bxd2 20. Qxd2 Qxd2 21. Rxd2 Rb4 22. Bf3 Rab8 23. Re1 Kf8 24. Bd1 Rd4 25. Re3 Rxd5 26. Bc2 e6 27. Re1 c4 28. bxc4 Bxc4 29. Red1 Ba6 30. Rb1 Rxb1+ 31. Bxb1 Rd4 32. Ra2 e5 33. Ra3 e4 34. dxe4 Rd1+ 35. Kg2 Rxb1 36. a5 Ke7 37. f4 Bb7 38. Kf3 f5 39. a6 Bxe4+ 40. Ke3 Ba8 41. Kd4 Ke6 42. a7 Kd7 43. h4 Kc6 44. Rc3+ Kb6 45. Re3 Rb5 46. h5 Ra5 47. hxg6 hxg6 48. Rb3+ Kxa7 49. Rb2 Ra4+ 50. Kc3 0-1

[Event "Pan American-ch U2000"]
[Site "Timbo"]
[Date "2021.12.02"]
[Round "3"]
[White "Montiel, Angel Nathanael"]
[Black "Bassani, Jaison Jose"]
[Result "1-0"]
[WhiteElo "1741"]
[BlackElo "1997"]
[PlyCount "61"]
[EventDate "2021.12.01"]
[EventType "swiss"]
[EventRounds "9"]
[EventCountry "BRA"]
[SourceTitle "CBM 205 Extra"]
[Source "ChessBase"]
[SourceDate "2022.01.31"]
[SourceVersion "1"]
[SourceVersionDate "2022.01.31"]
[SourceQuality "1"]

1. e4 g6 2. Bc4 Bg7 3. Nf3 d6 4. d4 Nf6 5. Nbd2 c6 6. 0-0 0-0 7. h3 d5 8. exd5 cxd5 9. Bd3 Nc6 10. Re1 Qc7 11. c3 Rb8 12. Nf1 Nd7 13. Bg5 f6 14. Bh4 e5 15. dxe5 fxe5 16. Bb5 Qd6 17. Ne3 Nb6 18. Nc4 Nxc4 19. Bxc4 Be6 20. Ng5 Rf4 21. Bb3 Ne7 22. Ne4 Rxe4 23. Rxe4 Nf5 24. Rg4 Nxh4 25. Rxh4 Qd8 26. Ra4 a5 27. c4 b5 28. cxb5 Rxb5 29. Qc2 Qg5 30. Qc6 Bxh3 31. Bxd5+ 1-0

[Event "Pan American-ch U2000"]
[Site "Timbo"]
[Date "2021.12.01"]
[Round "2"]
[White "Araujo, Jacques"]
[Black "Montiel, Angel Nathanael"]
[Result "0-1"]
[WhiteElo "1863"]
[BlackElo "1741"]
[PlyCount "78"]
[EventDate "2021.12.01"]
[EventType "swiss"]
[EventRounds "9"]
[EventCountry "BRA"]
[SourceTitle "CBM 205 Extra"]
[Source "ChessBase"]
[SourceDate "2022.01.31"]
[SourceVersion "1"]
[SourceVersionDate "2022.01.31"]
[SourceQuality "1"]

1. d4 d6 2. Bf4 g6 3. e3 Bg7 4. Nf3 Nd7 5. Be2 e5 6. Bg5 f6 7. Bh4 Nh6 8. Nbd2 Nf5 9. Bg3 0-0 10. 0-0 Qe7 11. c3 e4 12. Ne1 h5 13. h3 Nxg3 14. fxg3 f5 15. Bc4+ Kh7 16. Qe2 a5 17. a3 c6 18. Bb3 a4 19. Bc2 Qg5 20. Kh2 b5 21. Rf4 Ba6 22. Qf2 Bh6 23. h4 Qe7 24. b4 Bxf4 25. Qxf4 Nf6 26. Rc1 Rac8 27. Bb1 c5 28. Nc2 Nd5 29. Qf2 cxb4 30. Nxb4 Nxb4 31. axb4 Rc7 32. Ba2 Bc8 33. Qf1 Bd7 34. c4 bxc4 35. Rxc4 Rfc8 36. Qc1 Rxc4 37. Bxc4 d5 38. Qc3 dxc4 39. Nb1 Be6 0-1

[Event "Pan American-ch Hybrid U18 31st"]
[Site "Tornelo INT"]
[Date "2021.09.04"]
[Round "5"]
[White "Wilson, Louis"]
[Black "Montiel, Angel Nathanael"]
[Result "0-1"]
[WhiteElo "1538"]
[BlackElo "1681"]
[PlyCount "62"]
[EventDate "2021.09.04"]
[EventType "swiss"]
[EventRounds "9"]
[EventCountry "NET"]
[SourceTitle "EXT 2023"]
[Source "ChessBase"]
[SourceDate "2022.10.05"]
[SourceVersion "1"]
[SourceVersionDate "2022.10.05"]
[SourceQuality "1"]

1. e4 c5 2. Nf3 d6 3. d4 c4 4. Bxc4 Nf6 5. Nc3 g6 6. Qe2 Nc6 7. e5 Nh5 8. 0-0 e6 9. Nb5 d5 10. Bg5 Qd7 11. Bb3 a6 12. Na3 b5 13. c3 h6 14. Be3 Na5 15. Rfd1 Bb7 16. Nc2 Rc8 17. Nce1 Ng7 18. Nd3 Nf5 19. Bd2 g5 20. Nfe1 Rg8 21. Nc2 Nc4 22. Bxc4 dxc4 23. Nde1 Qc6 24. Qf3 Qc7 25. Qe2 Nh4 26. Nf3 Nxg2 27. Nce1 g4 28. Nxg2 gxf3 29. Qe3 Rxg2+ 30. Kh1 Qe7 31. Rg1 Rxh2+ 0-1

[Event "Asuncion Fernando Memorial"]
[Site "Asuncion"]
[Date "2021.08.29"]
[Round "5"]
[White "Montiel, Angel Nathanael"]
[Black "Heinechen, John"]
[Result "1/2-1/2"]
[WhiteElo "1681"]
[BlackElo "1978"]
[PlyCount "142"]
[EventDate "2021.08.27"]
[EventType "swiss"]
[EventRounds "7"]
[EventCountry "PAR"]
[SourceTitle "EXT 2022"]
[Source "ChessBase"]
[SourceDate "2021.10.06"]
[SourceVersion "1"]
[SourceVersionDate "2021.10.06"]
[SourceQuality "1"]

1. d4 Nf6 2. Nc3 d5 3. Bg5 Nbd7 4. Nf3 h6 5. Bh4 a6 6. e3 e6 7. Bd3 Be7 8. h3 c5 9. Qd2 b5 10. dxc5 Nxc5 11. Bg3 b4 12. Ne2 Nfe4 13. Bxe4 Nxe4 14. Qd4 0-0 15. Bf4 f6 16. Bh2 a5 17. 0-0 Ba6 18. Rfe1 g5 19. Ng3 Bc5 20. Qd1 Nxg3 21. Bxg3 e5 22. Nh2 Bc8 23. Qd3 Kg7 24. Rad1 Be6 25. Kh1 Qb6 26. Qe2 Qa6 27. Qh5 Qc4 28. Ng4 Bxg4 29. Qxg4 Qxg4 30. hxg4 Rad8 31. Rd3 Rd7 32. f4 e4 33. Rd2 Rfd8 34. fxg5 hxg5 35. Bf2 Kf7 36. Red1 Ke6 37. Kg1 Bb6 38. Kf1 Bc7 39. c3 bxc3 40. bxc3 Be5 41. Rc2 Rc8 42. Rb1 Rxc3 43. Rxc3 Bxc3 44. Ke2 Bb4 45. Rc1 Bd6 46. Rc6 Ke7 47. Be1 Rc7 48. Rxc7+ Bxc7 49. a4 Bb6 50. Bc3 Ke6 51. Kf2 f5 52. gxf5+ Kxf5 53. Ke2 Kg4 54. Bf6 Bc5 55. Bc3 Bb4 56. Be5 Kf5 57. Bc7 Ke6 58. g4 Bc3 59. Bd8 d4 60. exd4 Kd5 61. Bxg5 Bxd4 62. Bd2 Bb6 63. Be3 Bd8 64. g5 Ke5 65. g6 Bf6 66. Bh6 Ke6 67. g7 Kf7 68. Ke3 Bxg7 69. Bxg7 Kxg7 70. Kxe4 Kf8 71. Kd5 Ke7 1/2-1/2

[Event "Asuncion Fernando Memorial"]
[Site "Asuncion"]
[Date "2021.08.29"]
[Round "6"]
[White "Riline Orso, Alejandro"]
[Black "Montiel, Angel Nathanael"]
[Result "0-1"]
[WhiteElo "2136"]
[BlackElo "1681"]
[PlyCount "74"]
[EventDate "2021.08.27"]
[EventType "swiss"]
[EventRounds "7"]
[EventCountry "PAR"]
[SourceTitle "EXT 2022"]
[Source "ChessBase"]
[SourceDate "2021.10.06"]
[SourceVersion "1"]
[SourceVersionDate "2021.10.06"]
[SourceQuality "1"]

1. d4 Nf6 2. c4 c5 3. d5 b5 4. cxb5 a6 5. e3 e6 6. Nc3 Bb7 7. e4 axb5 8. Bxb5 Qa5 9. dxe6 fxe6 10. f3 Be7 11. Nge2 0-0 12. 0-0 d5 13. Bd3 Nc6 14. exd5 exd5 15. Kh1 Rad8 16. Nf4 c4 17. Be2 Kh8 18. Ne6 d4 19. Nxd8 Rxd8 20. Bxc4 dxc3 21. Qe2 cxb2 22. Qxb2 Qc7 23. Be3 Re8 24. Qb6 Qc8 25. Rab1 Ba8 26. Bb5 Nd5 27. Qa6 Qxa6 28. Bxa6 Nxe3 29. Rfe1 Bb4 30. Rec1 Bd2 31. Rc5 Nb4 32. Bb5 Rf8 33. a3 Nbd5 34. Bc6 Bxc6 35. Rxc6 h6 36. a4 Ra8 37. Kg1 Rxa4 0-1

[Event "Asuncion Fernando Memorial"]
[Site "Asuncion"]
[Date "2021.08.28"]
[Round "4"]
[White "Frutos Moreno, Carlos Manuel"]
[Black "Montiel, Angel Nathanael"]
[Result "0-1"]
[WhiteElo "1486"]
[BlackElo "1681"]
[PlyCount "78"]
[EventDate "2021.08.27"]
[EventType "swiss"]
[EventRounds "7"]
[EventCountry "PAR"]
[SourceTitle "EXT 2022"]
[Source "ChessBase"]
[SourceDate "2021.10.06"]
[SourceVersion "1"]
[SourceVersionDate "2021.10.06"]
[SourceQuality "1"]

1. c4 Nf6 2. Nc3 e6 3. d4 c5 4. d5 exd5 5. cxd5 d6 6. e4 g6 7. g3 Bg7 8. Bg2 0-0 9. Nf3 Nxe4 10. Nxe4 Re8 11. Nfd2 f5 12. 0-0 fxe4 13. Nxe4 Qb6 14. Re1 Nd7 15. Rb1 Ne5 16. Bf4 Bf5 17. Qb3 Qxb3 18. axb3 Nd3 19. Re3 Nxf4 20. gxf4 Bxe4 21. Bxe4 Bh6 22. f3 Bxf4 23. Re2 Re5 24. Kg2 Rae8 25. Rh1 Kg7 26. h4 Rxd5 27. Kh3 Rde5 28. Kg4 Bh6 29. Reh2 d5 30. Bd3 Rf8 31. Bc2 Rf4+ 32. Kg3 Rd4 33. Rg2 Re3 34. Rf1 Bf4+ 35. Kh3 Re5 36. Ra1 a6 37. Ra5 Re1 38. Rf2 Rh1+ 39. Kg2 Rh2+ 0-1

[Event "Villarrica op 1st"]
[Site "Villarrica"]
[Date "2021.02.28"]
[Round "4"]
[White "Mayeregger, Arnold"]
[Black "Montiel, Angel Nathanael"]
[Result "1-0"]
[WhiteElo "2121"]
[BlackElo "1629"]
[PlyCount "51"]
[EventDate "2021.02.27"]
[EventType "swiss"]
[EventRounds "7"]
[EventCountry "PAR"]
[SourceTitle "EXT 2022"]
[Source "ChessBase"]
[SourceDate "2021.10.06"]
[SourceVersion "1"]
[SourceVersionDate "2021.10.06"]
[SourceQuality "1"]

1. e4 e5 2. Nf3 Nc6 3. Bb5 d6 4. d4 exd4 5. Nxd4 Bd7 6. Bxc6 bxc6 7. 0-0 g6 8. Qf3 Bg7 9. e5 d5 10. Re1 Qe7 11. Nc3 Nh6 12. Bxh6 Bxh6 13. e6 Bxe6 14. Nxe6 fxe6 15. Qh3 Kd7 16. Qxh6 Raf8 17. Rad1 Rf5 18. Qe3 Rhf8 19. f3 g5 20. Ne4 e5 21. Ng3 R5f7 22. Qxe5 Qc5+ 23. Qe3 Qxc2 24. Qe4 Kd8 25. Rc1 Qxb2 26. Rb1 1-0

[Event "Fide Inter Con Cup U18"]
[Site "Tornelo INT"]
[Date "2020.10.10"]
[Round "2"]
[White "Montiel, Angel Nathanael"]
[Black "Gichuki, Jeff"]
[Result "1-0"]
[WhiteElo "1629"]
[BlackElo "1602"]
[PlyCount "45"]
[EventDate "2020.10.10"]
[EventType "swiss (rapid)"]
[EventRounds "6"]
[EventCountry "NET"]
[SourceTitle "EXT 2022"]
[Source "ChessBase"]
[SourceDate "2021.10.06"]
[SourceVersion "1"]
[SourceVersionDate "2021.10.06"]
[SourceQuality "1"]

1. e4 c5 2. Nf3 Nc6 3. d4 cxd4 4. Nxd4 Nf6 5. Nc3 a6 6. Nxc6 bxc6 7. e5 Ng8 8. Bc4 e6 9. 0-0 g6 10. Ne4 Qc7 11. Nd6+ Bxd6 12. exd6 Qd8 13. Bd2 f6 14. Qf3 Kf7 15. Rfe1 Bb7 16. Bc3 Rb8 17. Qe3 Qf8 18. Rad1 Qe8 19. Qb6 Nh6 20. Qc7 Kf8 21. Bxf6 Rg8 22. Bxe6 dxe6 23. d7 1-0